[Event "Tradewise Gibraltar AmatWk1"]
[Site "Gibraltar"]
[Date "2018.01.25"]
[Round "4.9"]
[White "Odiase, Oluwaseun"]
[Black "Spanton, Tim R"]
[Result "1/2-1/2"]
[WhiteElo "1768"]
[BlackElo "1888"]
[PlyCount "125"]
[EventDate "2018.01.22"]
[EventType "swiss"]
[EventRounds "5"]
[EventCountry "GGB"]

1. c4 c5 2. g3 g6 3. Bg2 Bg7 4. e3 Nc6 5. Ne2 e5 6. Nbc3 d6 7. O-O Nge7 8. a3
O-O 9. d3 f5 10. f4 Rb8 11. Rb1 Be6 12. Nd5 Bf7 13. Nec3 Nxd5 14. Nxd5 Ne7 15.
Qa4 Nxd5 16. cxd5 exf4 17. Rxf4 Be8 18. Qc2 g5 19. Rf1 Bg6 20. Bd2 Re8 21. Rbe1
Qe7 22. Bc3 b5 23. e4 Bxc3 24. bxc3 fxe4 25. Bxe4 Qg7 26. Qd2 h6 27. Bf5 Kh8
28. Re6 Rxe6 29. Bxe6 a5 30. Bf5 b4 31. axb4 axb4 32. Bxg6 bxc3 33. Qc1 Qxg6
34. Qxc3+ Qg7 35. Qf6 Qxf6 36. Rxf6 Kg7 37. Rxd6 Rb3 38. Rc6 Rxd3 39. Rxc5 Kf6
40. Rc6+ Ke5 41. Re6+ Kxd5 42. Rxh6 Ke5 43. Rh8 Kf5 44. Rf8+ Kg4 45. Kg2 Ra3
46. Rf6 Ra2+ 47. Rf2 Ra3 48. Rf6 Ra2+ 49. Rf2 Ra3 50. h3+ Kh5 51. Re2 Kg6 52.
g4 Kf6 53. Rf2+ Kg6 54. Rf3 Rxf3 55. Kxf3 Kf6 56. Kf2 Ke5 57. Kg3 Kf6 58. Kf3
Ke5 59. Ke3 Kd5 60. h4 gxh4 61. Kf4 Ke6 62. g5 h3 63. Kg3 1/2-1/2

[Event "Tradewise Gibraltar AmatWk1"]
[Site "Gibraltar"]
[Date "2018.01.25"]
[Round "4.10"]
[White "Sevillano Garcia, Joaquin"]
[Black "Marcos Herrero, Francisco"]
[Result "0-1"]
[WhiteElo "1751"]
[BlackElo "1876"]
[PlyCount "92"]
[EventDate "2018.01.22"]
[EventType "swiss"]
[EventRounds "5"]
[EventCountry "GGB"]

1. c4 Nf6 2. Nf3 c5 3. Nc3 Nc6 4. e3 g6 5. d4 cxd4 6. exd4 d5 7. cxd5 Nxd5 8.
Qb3 Nxc3 9. bxc3 Bg7 10. Be2 O-O 11. O-O Qc7 12. Bg5 e5 13. Rac1 Re8 14. Bb5 e4
15. Ne1 a6 16. Be2 b5 17. Nc2 Be6 18. Qb2 Na5 19. Ne3 Bc4 20. Rfe1 f5 21. g3
Rac8 22. Bf4 Qf7 23. h4 Bxe2 24. Qxe2 Nc4 25. Kg2 Nxe3+ 26. Bxe3 Rc4 27. Qb2
Rec8 28. a3 Qd5 29. Kg1 Bf8 30. Bd2 Ra4 31. Ra1 Kg7 32. Bf4 Be7 33. f3 Bf6 34.
fxe4 fxe4 35. Be3 Rac4 36. Rac1 R4c6 37. Rf1 Be7 38. a4 Bd6 39. axb5 axb5 40.
Kh2 Kg8 41. Kh3 Ra6 42. Ra1 Rxa1 43. Rxa1 Rf8 44. Rg1 Rf3 45. Qe2 Qf5+ 46. Kh2
Qg4 0-1

[Event "Tradewise Gibraltar AmatWk1"]
[Site "Gibraltar"]
[Date "2018.01.25"]
[Round "4.11"]
[White "Mielke, Torsten"]
[Black "Jimenez Ruiz, Jose Carlos"]
[Result "0-1"]
[WhiteElo "1739"]
[BlackElo "1874"]
[PlyCount "60"]
[EventDate "2018.01.22"]
[EventType "swiss"]
[EventRounds "5"]
[EventCountry "GGB"]

1. e4 e6 2. d4 d5 3. exd5 exd5 4. f4 Nf6 5. Nf3 Bf5 6. Be2 Bd6 7. O-O O-O 8.
Nh4 Bd7 9. c3 c5 10. Nf3 Nc6 11. Ne5 Qc7 12. Be3 Rfe8 13. Nd2 Rad8 14. Kh1 Bf5
15. Rf3 Ne4 16. Rf1 f6 17. dxc5 Bxc5 18. Bxc5 Nxc5 19. Nxc6 bxc6 20. Bg4 Bd3
21. Rf2 Ne4 22. Rf3 Qb6 23. Nxe4 dxe4 24. Rh3 e3 25. Qe1 Qxb2 26. Rd1 Be4 27.
Bf3 Bxf3 28. Rxf3 Rxd1 29. Qxd1 e2 30. Qe1 Qd2 0-1

[Event "Tradewise Gibraltar AmatWk1"]
[Site "Gibraltar"]
[Date "2018.01.25"]
[Round "4.12"]
[White "Webel, Peter"]
[Black "Khoo-Thwe, Louis"]
[Result "1-0"]
[WhiteElo "1853"]
[BlackElo "1724"]
[PlyCount "79"]
[EventDate "2018.01.22"]
[EventType "swiss"]
[EventRounds "5"]
[EventCountry "GGB"]

1. d4 Nf6 2. c4 e6 3. Nc3 Bb4 4. e3 b6 5. Nge2 Bb7 6. a3 Bxc3+ 7. Nxc3 O-O 8.
Qc2 d5 9. cxd5 exd5 10. b4 Nbd7 11. Nb5 c6 12. Nd6 Qc7 13. Nxb7 Qxb7 14. Be2
Rac8 15. Rb1 b5 16. O-O Nb6 17. Rb3 Ne4 18. f3 Nd6 19. e4 Ndc4 20. e5 a6 21. f4
Qa7 22. Rh3 h6 23. f5 Nd7 24. f6 Qxd4+ 25. Kh1 Qe4 26. Bd3 Qxe5 27. fxg7 Rfe8
28. Bh7+ Kxg7 29. Bxh6+ Kh8 30. Bf4 Qe1 31. Bg8+ Kxg8 32. Qh7+ Kf8 33. Bh6+ Ke7
34. Rxe1+ Kd8 35. Rxe8+ Kxe8 36. Qg8+ Nf8 37. Qxf8+ Kd7 38. Qxf7+ Kd6 39. Bf4+
Ne5 40. Rh6# 1-0

[Event "Tradewise Gibraltar AmatWk1"]
[Site "Gibraltar"]
[Date "2018.01.25"]
[Round "4.13"]
[White "Lopez Diaz, Rafael"]
[Black "Gonzalez Pabollet, Jesus Maria S"]
[Result "0-1"]
[WhiteElo "1687"]
[BlackElo "1852"]
[PlyCount "76"]
[EventDate "2018.01.22"]
[EventType "swiss"]
[EventRounds "5"]
[EventCountry "GGB"]

1. d4 g6 2. g3 Bg7 3. c3 c5 4. dxc5 Na6 5. Bg2 Nxc5 6. b4 Na6 7. Qb3 d6 8. Bd5
e6 9. Bc4 Nc7 10. a4 b6 11. Nf3 Bb7 12. O-O Nf6 13. Rd1 O-O 14. b5 Ne4 15. Ba3
Nc5 16. Bxc5 bxc5 17. Qa3 Nd5 18. Ra2 Nb6 19. Bb3 Qc7 20. a5 Nd7 21. c4 Rad8
22. Rad2 Ne5 23. Nxe5 Bxe5 24. Bc2 d5 25. cxd5 exd5 26. Bd3 c4 27. Bc2 d4 28.
Rc1 Bd6 29. Qa4 Qc5 30. Rdd1 Qd5 31. f3 d3 32. Nc3 Qc5+ 33. Kg2 dxc2 34. Rxc2
Be5 35. Rdc1 Bxc3 36. Rxc3 Rd2 37. Qxc4 Qxc4 38. Rxc4 Rxe2+ 0-1

[Event "Tradewise Gibraltar AmatWk1"]
[Site "Gibraltar"]
[Date "2018.01.25"]
[Round "4.14"]
[White "Francois-Haugrin, Said"]
[Black "Johansson, Daniel 1984"]
[Result "0-1"]
[WhiteElo "1714"]
[BlackElo "1832"]
[PlyCount "222"]
[EventDate "2018.01.22"]
[EventType "swiss"]
[EventRounds "5"]
[EventCountry "GGB"]

1. e4 e5 2. Nf3 Nc6 3. Bc4 Nf6 4. d4 Nxe4 5. dxe5 Nc5 6. O-O Be7 7. c3 O-O 8.
Bf4 d6 9. exd6 Bxd6 10. Bxd6 cxd6 11. b4 Be6 12. Bd5 Ne7 13. Bb3 Nxb3 14. axb3
Nf5 15. Nd4 Nxd4 16. Qxd4 Bxb3 17. Nd2 Bc2 18. Rfc1 Bf5 19. Nc4 d5 20. Ne3 Be6
21. f4 Qd7 22. Rxa7 Rxa7 23. Qxa7 Qb5 24. Qd4 f6 25. Kf2 Ra8 26. Rc2 h5 27. Qd2
Ra3 28. Ra2 Rxa2 29. Qxa2 Qc6 30. Qd2 h4 31. Nc2 Bf7 32. Nd4 Qb6 33. Qe2 Qc7
34. Qe3 g6 35. Nb3 b6 36. Nd4 Qd7 37. Nb3 Qf5 38. Nd4 Qb1 39. Qd2 Kg7 40. Qc2
Qh1 41. Nf3 h3 42. gxh3 Be6 43. Ke3 Bxh3 44. Qf2 Qc1+ 45. Qd2 Qa1 46. Qc2 Bf5
47. Qd2 Be4 48. Kf2 Qh1 49. Qe3 Bxf3 50. Qxf3 Qxh2+ 51. Ke3 Qc2 52. Kd4 Qd2+
53. Qd3 Qxf4+ 54. Kxd5 g5 55. Kc6 g4 56. Qd7+ Kg6 57. Qe8+ Kg5 58. Qg8+ Kh4 59.
Kxb6 Qe3+ 60. Ka6 Qxc3 61. b5 f5 62. Qh7+ Kg5 63. b6 Qa3+ 64. Kb7 g3 65. Kc8
Qc5+ 66. Kb7 f4 67. Qg7+ Kh4 68. Qf6+ Kg4 69. Qe6+ Kf3 70. Qh3 Kf2 71. Ka7 f3
72. Ka8 Qa5+ 73. Kb7 g2 74. Qh2 Kf1 75. Qh3 Qd5+ 76. Ka7 Qa2+ 77. Kb8 Qg8+ 78.
Ka7 f2 79. b7 Qa2+ 80. Kb6 Qb2+ 81. Kc7 Qc2+ 82. Kb6 Qg6+ 83. Kb5 Qg5+ 84. Kb6
Qf6+ 85. Ka7 Qa1+ 86. Kb6 Qb1+ 87. Kc6 Kg1 88. Qe3 Qg6+ 89. Kc7 Qh7+ 90. Kb6
Qb1+ 91. Kc7 Kf1 92. Qh3 Qc1+ 93. Kb6 Qb2+ 94. Ka7 Qd4+ 95. Ka6 Qc4+ 96. Kb6
Qf4 97. Ka7 Kg1 98. b8=Q f1=Q 99. Qb6+ Q4f2 100. Qxf2+ Qxf2+ 101. Kb8 Qb2+ 102.
Kc7 Qe5+ 103. Kc8 Qc5+ 104. Kd8 Qd6+ 105. Kc8 Qf8+ 106. Kb7 Qf7+ 107. Kb8 Qf4+
108. Kb7 Qe4+ 109. Kb8 Kf2 110. Qh2 Qf3 111. Ka7 Qg3 0-1

[Event "Tradewise Gibraltar AmatWk1"]
[Site "Gibraltar"]
[Date "2018.01.25"]
[Round "4.15"]
[White "Anjali, R. Sagar"]
[Black "Ajayi, Ayokanmi"]
[Result "1-0"]
[WhiteElo "1792"]
[BlackElo "1537"]
[PlyCount "65"]
[EventDate "2018.01.22"]
[EventType "swiss"]
[EventRounds "5"]
[EventCountry "GGB"]

1. e4 d6 2. d4 Nf6 3. Nc3 g6 4. f4 Bg7 5. Nf3 O-O 6. Be2 c5 7. O-O cxd4 8. Nxd4
Nbd7 9. Be3 a6 10. Bf3 Rb8 11. a4 Qc7 12. a5 Nc5 13. b4 Ne6 14. Na4 Nd7 15.
Nxe6 fxe6 16. Ra3 Qc4 17. c3 e5 18. f5 Nf6 19. Ba7 b5 20. Bxb8 bxa4 21. Qxa4
Bd7 22. Qb3 Qxb3 23. Rxb3 Rxb8 24. c4 Bh6 25. b5 axb5 26. a6 Bc6 27. cxb5 Ba8
28. Rfb1 Rb6 29. Rc3 Kf7 30. Rc8 Nd7 31. Rxa8 Rb8 32. Rxb8 Nxb8 33. Kf2 1-0

[Event "Tradewise Gibraltar AmatWk1"]
[Site "Gibraltar"]
[Date "2018.01.25"]
[Round "4.16"]
[White "Hilton, Tim"]
[Black "Yilmaz, Kazim"]
[Result "1-0"]
[WhiteElo "1868"]
[BlackElo "1656"]
[PlyCount "155"]
[EventDate "2018.01.22"]
[EventType "swiss"]
[EventRounds "5"]
[EventCountry "GGB"]

1. c4 Nf6 2. g3 c5 3. Bg2 g6 4. Nc3 Nc6 5. Nf3 Bg7 6. d4 cxd4 7. Nxd4 O-O 8.
O-O e6 9. Ndb5 d5 10. cxd5 exd5 11. Nxd5 Nxd5 12. Qxd5 Qxd5 13. Bxd5 Bh3 14.
Bg2 Bxg2 15. Kxg2 a6 16. Nc3 b5 17. Rb1 Bxc3 18. bxc3 Ne5 19. Bf4 Nc4 20. Rfd1
f6 21. Rd7 g5 22. Bc7 Rf7 23. Rbd1 Ra7 24. Rd8+ Rf8 25. Rxf8+ Kxf8 26. Bd6+
Nxd6 27. Rxd6 Ke7 28. Rb6 h5 29. Rc6 a5 30. Kf3 b4 31. cxb4 axb4 32. Rc2 Ra3+
33. Ke4 b3 34. axb3 Rxb3 35. Kf5 Rb5+ 36. Kg6 g4 37. Rc7+ Kd6 38. Rf7 Rg5+ 39.
Kxf6 Ra5 40. e3 Ra1 41. Rh7 Rf1 42. Rxh5 Rxf2+ 43. Kg5 Rf3 44. e4 Re3 45. Kf4
Re2 46. e5+ Ke6 47. Kxg4 Rf2 48. h4 Ra2 49. Rg5 Ra4+ 50. Kh5 Ra8 51. Kh6 Rh8+
52. Kg7 Re8 53. h5 Re7+ 54. Kg6 Re8 55. h6 Rg8+ 56. Kh5 Rh8 57. g4 Kd5 58. Rf5
Ke6 59. Rg5 Kd5 60. Kg6 Rg8+ 61. Kf6 Rf8+ 62. Kg7 Re8 63. h7 Re7+ 64. Kh6 Re6+
65. Rg6 Re8 66. Rg8 Rxg8 67. hxg8=Q+ Kxe5 68. Kg5 Ke4 69. Qf7 Ke3 70. Qf4+ Ke2
71. Qg3 Kd2 72. Kf4 Kc2 73. Ke4 Kb2 74. Kd4 Ka2 75. Qc3 Kb1 76. Qd2 Ka1 77. Kc3
Kb1 78. Qb2# 1-0

[Event "Tradewise Gibraltar AmatWk1"]
[Site "Gibraltar"]
[Date "2018.01.25"]
[Round "4.17"]
[White "Greco, Joseph"]
[Black "Dennis, Nigel W"]
[Result "1/2-1/2"]
[WhiteElo "1650"]
[BlackElo "1804"]
[PlyCount "39"]
[EventDate "2018.01.22"]
[EventType "swiss"]
[EventRounds "5"]
[EventCountry "GGB"]

1. Nf3 d5 2. g3 c5 3. Bg2 Nf6 4. O-O e6 5. d4 cxd4 6. Nxd4 Nc6 7. c4 Qb6 8.
Nxc6 bxc6 9. cxd5 cxd5 10. Qb3 Qxb3 11. axb3 Bc5 12. Bf4 Bb7 13. e3 Ke7 14. Rc1
Bd6 15. Bxd6+ Kxd6 16. Nc3 a6 17. Bf1 Rhc8 18. Na4 Nd7 19. Rc3 Rxc3 20. bxc3
1/2-1/2

[Event "Tradewise Gibraltar AmatWk1"]
[Site "Gibraltar"]
[Date "2018.01.25"]
[Round "4.18"]
[White "Bullock, Lee"]
[Black "Opasiak, Dustin Tennessee"]
[Result "0-1"]
[WhiteElo "1572"]
[BlackElo "1797"]
[PlyCount "70"]
[EventDate "2018.01.22"]
[EventType "swiss"]
[EventRounds "5"]
[EventCountry "GGB"]

1. d4 c5 2. e4 cxd4 3. c3 dxc3 4. Nxc3 Nc6 5. Nf3 d6 6. Bc4 h6 7. O-O Nf6 8.
Bf4 e5 9. Be3 Be7 10. h3 O-O 11. Qe2 Be6 12. Bxe6 fxe6 13. Rfd1 Rc8 14. Rac1 d5
15. exd5 exd5 16. Nxd5 Nxd5 17. Qb5 Ncb4 18. a3 Nxe3 19. Rxd8 Rxc1+ 20. Kh2
Nf1+ 21. Kh1 Rxd8 22. axb4 Nd2+ 23. Ng1 Bf6 24. Qxb7 Nf1 25. g3 Rdd1 26. Kg2
Nxg3 27. fxg3 Rxg1+ 28. Kf2 Rgd1 29. Qa8+ Rd8 30. Qxa7 Rc2+ 31. Ke3 Rxb2 32.
Qc5 Rb3+ 33. Kf2 Rb2+ 34. Ke3 Rb8 35. Qd5+ Kh8 0-1

[Event "Tradewise Gibraltar AmatWk1"]
[Site "Gibraltar"]
[Date "2018.01.25"]
[Round "4.19"]
[White "Longdin, Michael"]
[Black "Koreywo, Witold"]
[Result "1/2-1/2"]
[WhiteElo "1787"]
[BlackElo "1545"]
[PlyCount "113"]
[EventDate "2018.01.22"]
[EventType "swiss"]
[EventRounds "5"]
[EventCountry "GGB"]

1. d4 f5 2. Bg5 Nf6 3. Bxf6 exf6 4. Nf3 d5 5. e3 Be6 6. Nbd2 c6 7. Bd3 Bd6 8.
c4 O-O 9. cxd5 cxd5 10. Qb3 Qd7 11. Rc1 Nc6 12. O-O Rac8 13. g3 Na5 14. Qb5 Nc6
15. a3 a6 16. Qa4 f4 17. exf4 Bh3 18. Rfe1 Bxf4 19. Qd1 Rfe8 20. Kh1 Bd6 21.
Qb3 Be6 22. Bb1 Bb8 23. Qd3 g6 24. Ba2 Bf7 25. Nb3 Ba7 26. Nc5 Bxc5 27. dxc5
Rxe1+ 28. Rxe1 Kg7 29. b4 Ne7 30. Nd4 g5 31. Bb1 Bg6 32. Qe3 Nc6 33. Nxc6 Qxc6
34. Bxg6 Kxg6 35. Qe6 d4+ 36. Qxc6 bxc6 37. Re6 Rd8 38. Rd6 Rxd6 39. cxd6 Kf7
40. Kg2 d3 41. Kf3 d2 42. Ke2 Ke6 43. Kxd2 Kxd6 44. Kd3 Kd5 45. f3 c5 46. bxc5
Kxc5 47. Ke4 Kb5 48. Kf5 Ka4 49. Kxf6 Kxa3 50. Kxg5 Kb3 51. f4 a5 52. f5 a4 53.
f6 a3 54. f7 a2 55. f8=Q a1=Q 56. Qf7+ Kb4 57. Qxh7 {No further moves were
recorded} 1/2-1/2

[Event "Tradewise Gibraltar AmatWk1"]
[Site "Gibraltar"]
[Date "2018.01.25"]
[Round "4.20"]
[White "Naldrett, Geoffrey"]
[Black "Murray, J Stephen"]
[Result "0-1"]
[WhiteElo "1547"]
[BlackElo "1771"]
[PlyCount "82"]
[EventDate "2018.01.22"]
[EventType "swiss"]
[EventRounds "5"]
[EventCountry "GGB"]

1. c4 e6 2. Nc3 d5 3. d4 Nf6 4. g3 Be7 5. Bg2 O-O 6. Nf3 dxc4 7. Qa4 a6 8. Qxc4
b5 9. Qb3 Bb7 10. O-O Nbd7 11. a3 c5 12. Be3 Rc8 13. dxc5 Bxc5 14. Nd4 Bxg2 15.
Kxg2 Qb6 16. Rfd1 Rfd8 17. h3 h6 18. Rac1 Ne5 19. Nc2 Nc4 20. Bxc5 Qxc5 21.
Rxd8+ Rxd8 22. Qa2 Rd2 23. b4 Qe5 24. Qb3 Ne4 25. Ne1 Nxc3 26. Nf3 Qe4 27. Qxc3
Rxe2 28. Kg1 e5 29. Rd1 Qc2 30. Rd8+ Kh7 31. Qd3+ Qxd3 32. Rxd3 e4 33. Rd7 exf3
34. Rxf7 Re1+ 35. Kh2 Nxa3 36. Ra7 Nc2 37. Rxa6 Nxb4 38. Ra5 Nd3 39. Rxb5 Nxf2
40. g4 Nxg4+ 41. hxg4 f2 0-1

[Event "Tradewise Gibraltar AmatWk1"]
[Site "Gibraltar"]
[Date "2018.01.25"]
[Round "4.21"]
[White "D'haluin, Wim"]
[Black "Jackson, Paul R"]
[Result "1/2-1/2"]
[WhiteElo "1764"]
[BlackElo "1503"]
[PlyCount "102"]
[EventDate "2018.01.22"]
[EventType "swiss"]
[EventRounds "5"]
[EventCountry "GGB"]

1. d4 d5 2. Nf3 Nf6 3. Bf4 c6 4. e3 Bf5 5. Be2 e6 6. O-O Bd6 7. Ne5 Qc7 8. c4
Nbd7 9. cxd5 exd5 10. Nxd7 Nxd7 11. Bxd6 Qxd6 12. Nd2 O-O 13. Rc1 Qb4 14. Nb3
Rfe8 15. Bd3 Bxd3 16. Qxd3 Re7 17. Rc2 Rae8 18. Nd2 Nf6 19. Rc3 Ne4 20. Nxe4
dxe4 21. Qe2 Qa5 22. Ra3 Qb6 23. Rc1 a6 24. Rc5 Qd8 25. h4 Rd7 26. Qg4 Rd5 27.
Rac3 Qd7 28. Qg3 Qd6 29. Qg4 Qd7 30. Qg3 Qd6 31. Kh2 Qxg3+ 32. Kxg3 Rxc5 33.
Rxc5 g6 34. Kf4 f5 35. g4 fxg4 36. Kxg4 Rf8 37. Kg3 Rf3+ 38. Kg2 Rf5 39. a4 Kf7
40. a5 Ke6 41. Rxf5 Kxf5 42. Kg3 h6 43. b3 g5 44. hxg5 Kxg5 45. f4+ exf3 46.
Kxf3 h5 47. e4 h4 48. e5 Kf5 49. b4 Kg5 50. Kf2 Kf5 51. Kf3 Kg5 1/2-1/2

[Event "Tradewise Gibraltar AmatWk1"]
[Site "Gibraltar"]
[Date "2018.01.25"]
[Round "4.22"]
[White "Glacner, Karel"]
[Black "Guegan, Michel"]
[Result "0-1"]
[WhiteElo "1560"]
[BlackElo "1713"]
[PlyCount "90"]
[EventDate "2018.01.22"]
[EventType "swiss"]
[EventRounds "5"]
[EventCountry "GGB"]

1. e4 c5 2. Nf3 Nc6 3. d4 cxd4 4. Nxd4 Nf6 5. Nc3 e5 6. Nxc6 bxc6 7. Bc4 Bb4 8.
f3 h6 9. Bd2 O-O 10. Qe2 Bxc3 11. Bxc3 d5 12. O-O-O d4 13. Bb4 Re8 14. h4 a5
15. Ba3 Nh5 16. Qf2 Qb6 17. g4 Nf4 18. h5 Be6 19. Qf1 Bxc4 20. Qxc4 Qb5 21. Qb3
Qxb3 22. axb3 Ne6 23. Bd6 f6 24. Kb1 Red8 25. Ba3 c5 26. Rh2 Rac8 27. Rhd2 Rd7
28. c3 Rcd8 29. b4 axb4 30. cxb4 cxb4 31. Bxb4 Rb7 32. Ba3 Rb3 33. Rd3 Rdb8 34.
Kc2 R3b6 35. b4 Rc8+ 36. Kb1 Nf4 37. Rb3 Ne2 38. Bb2 Rcb8 39. Rc1 Nxc1 40. Bxc1
Rxb4 41. Rxb4 Rxb4+ 42. Ka2 Kf7 43. Bd2 Rb7 44. Ka3 Ke6 45. Bb4 Kd7 0-1

[Event "Tradewise Gibraltar AmatWk1"]
[Site "Gibraltar"]
[Date "2018.01.25"]
[Round "4.23"]
[White "Melgar Guerrero, Salvador"]
[Black "Oliva Parra, Ernesto"]
[Result "1/2-1/2"]
[WhiteElo "1713"]
[BlackElo "1560"]
[PlyCount "97"]
[EventDate "2018.01.22"]
[EventType "swiss"]
[EventRounds "5"]
[EventCountry "GGB"]

1. e4 e6 2. d4 d5 3. Nc3 Bb4 4. e5 Nc6 5. a3 Ba5 6. b4 Bb6 7. Be3 a6 8. Qg4
Nge7 9. Qxg7 Rg8 10. Qxh7 Nxd4 11. Nge2 Ndf5 12. Bxb6 cxb6 13. h3 Ng6 14. Qxg8+
Nf8 15. g4 Ne7 16. Qg5 Qc7 17. Qd2 Bd7 18. f4 O-O-O 19. Nd4 Nfg6 20. Nce2 Nh4
21. Qc3 Nc6 22. Nxc6 Bxc6 23. Nd4 Ng6 24. Qe3 Bd7 25. h4 Kb8 26. h5 Rh8 27. Rh3
Nf8 28. Qc3 Qd8 29. Bd3 Ng6 30. Bxg6 fxg6 31. Kd2 Qf8 32. Qe3 gxh5 33. Rah1 Rg8
34. Rxh5 Ka7 35. g5 Bc8 36. Rh7 Ka8 37. R1h6 Qe8 38. Qc3 Qf8 39. Rf6 Qe8 40. g6
Bd7 41. Rxd7 Qxd7 42. Rxe6 Qc8 43. Rf6 Qd7 44. e6 Qe7 45. Rf7 Qh4 46. Qc7 Rb8
47. Nc6 Qf2+ 48. Kc1 Qg1+ 49. Kb2 1/2-1/2

[Event "Tradewise Gibraltar AmatWk1"]
[Site "Gibraltar"]
[Date "2018.01.25"]
[Round "4.24"]
[White "Ocana, Jeremy"]
[Black "Davies, Cledwyn"]
[Result "1-0"]
[WhiteElo "1705"]
[BlackElo "1536"]
[PlyCount "49"]
[EventDate "2018.01.22"]
[EventType "swiss"]
[EventRounds "5"]
[EventCountry "GGB"]

1. d4 d5 2. Bf4 Nf6 3. e3 Bg4 4. f3 Bh5 5. h4 Bg6 6. g4 h5 7. g5 Nfd7 8. Nc3 c6
9. Bd3 Bxd3 10. Qxd3 e6 11. g6 f5 12. Bg5 Qa5 13. e4 Bb4 14. exf5 O-O 15. Nge2
exf5 16. O-O-O Na6 17. Kb1 Bd6 18. f4 Nf6 19. Qxf5 Rae8 20. Bxf6 Rxf6 21. Qxh5
Kf8 22. Qh8+ Ke7 23. Qxg7+ Kd8 24. Qxf6+ Kc8 25. Qxd6 1-0

[Event "Tradewise Gibraltar AmatWk1"]
[Site "Gibraltar"]
[Date "2018.01.25"]
[Round "4.25"]
[White "Busch, Guenther"]
[Black "Volkov, Andreiy"]
[Result "1/2-1/2"]
[WhiteElo "1537"]
[BlackElo "1698"]
[PlyCount "87"]
[EventDate "2018.01.22"]
[EventType "swiss"]
[EventRounds "5"]
[EventCountry "GGB"]

1. Nf3 d5 2. e3 c5 3. b3 Nc6 4. Bb2 Nf6 5. h3 e6 6. Be2 Bd6 7. O-O O-O 8. c4
Re8 9. cxd5 exd5 10. d4 cxd4 11. Nxd4 Nxd4 12. Bxd4 Be5 13. Bxe5 Rxe5 14. Nd2
b6 15. Nf3 Re8 16. Nd4 Bd7 17. Rc1 Rc8 18. Nb5 Bxb5 19. Bxb5 Re7 20. Bd3 Rec7
21. Qd2 Qd6 22. Bf5 Rxc1 23. Rxc1 Rc5 24. Rxc5 Qxc5 25. Qc2 Kf8 26. Qxc5+ bxc5
27. Bd3 Ke7 28. Kf1 g6 29. Ke2 Kd6 30. Kd2 a5 31. f3 Nd7 32. Bb5 Nb6 33. Kc3 f5
34. Kd3 h6 35. h4 g5 36. g3 Ke5 37. hxg5 hxg5 38. f4+ gxf4 39. gxf4+ Kf6 40.
Bc6 Kg6 41. Be8+ Kf6 42. Bc6 Ke6 43. Bb5 Kd6 44. Be8 1/2-1/2

[Event "Tradewise Gibraltar AmatWk1"]
[Site "Gibraltar"]
[Date "2018.01.25"]
[Round "4.26"]
[White "Walshaw, David"]
[Black "Kympergr, Vojtech"]
[Result "1-0"]
[WhiteElo "1689"]
[BlackElo "1468"]
[PlyCount "75"]
[EventDate "2018.01.22"]
[EventType "swiss"]
[EventRounds "5"]
[EventCountry "GGB"]

1. e4 d6 2. d4 Nf6 3. Nc3 g6 4. f3 Bg7 5. Be3 O-O 6. Qd2 Re8 7. O-O-O Nc6 8.
Bh6 Bh8 9. Bb5 a6 10. Bxc6 bxc6 11. h4 Bb7 12. h5 Nxh5 13. Rxh5 e5 14. Rh3 exd4
15. Nce2 c5 16. Nf4 Bc8 17. g4 c6 18. Nge2 Qb6 19. b3 a5 20. Rdh1 c4 21. Nxd4
Bxd4 22. Ne2 Be5 23. Bf4 cxb3 24. Bxe5 bxa2 25. Qh6 Rxe5 26. Qxh7+ Kf8 27. Kd2
Qb4+ 28. Ke3 Qc5+ 29. Kf4 Ke7 30. g5 Qxc2 31. Qg7 Qxe2 32. Rh8 Bb7 33. Rxa8
Bxa8 34. Rh7 Qc4 35. Rh8 Bb7 36. Qf8+ Kd7 37. Qd8+ Ke6 38. Re8# 1-0

[Event "Tradewise Gibraltar AmatWk1"]
[Site "Gibraltar"]
[Date "2018.01.25"]
[Round "4.27"]
[White "White, Gary"]
[Black "Olde, Karl Erik"]
[Result "0-1"]
[WhiteElo "1663"]
[BlackElo "1402"]
[PlyCount "76"]
[EventDate "2018.01.22"]
[EventType "swiss"]
[EventRounds "5"]
[EventCountry "GGB"]

1. f4 d5 2. Nf3 c5 3. d3 Nf6 4. e3 Nc6 5. Be2 e6 6. O-O b6 7. Qe1 Bd6 8. Nc3 a6
9. Nd1 Bb7 10. Nf2 O-O 11. Bd2 Rc8 12. e4 dxe4 13. dxe4 e5 14. Rd1 Qc7 15. f5
Nd4 16. Bg5 Nxe4 17. Nxe4 Bxe4 18. Nxd4 exd4 19. Qh4 Rfe8 20. Bd3 Qb7 21. Rfe1
Bxg2 22. f6 g6 23. Re7 Bxe7 24. fxe7 Qf3 25. Rd2 Bh3 26. Rf2 Qd1+ 27. Bf1 Bxf1
28. Rxf1 Qh5 29. Qxh5 gxh5 30. Bf6 Rc6 31. Rf2 Rxf6 32. Rxf6 Rxe7 33. Rxb6 Re1+
34. Kf2 Rc1 35. c3 Rc2+ 36. Kg3 dxc3 37. b4 Rxa2 38. bxc5 c2 0-1

[Event "Tradewise Gibraltar AmatWk1"]
[Site "Gibraltar"]
[Date "2018.01.25"]
[Round "4.28"]
[White "Kearsley, Raymond J"]
[Black "Mahbubani, Arun"]
[Result "1-0"]
[WhiteElo "1655"]
[BlackElo "1288"]
[PlyCount "97"]
[EventDate "2018.01.22"]
[EventType "swiss"]
[EventRounds "5"]
[EventCountry "GGB"]

1. e4 e5 2. Nf3 Nc6 3. c3 Nf6 4. d4 exd4 5. e5 Qe7 6. cxd4 d6 7. Bb5 Bd7 8. O-O
O-O-O 9. exf6 Qxf6 10. Bg5 Qg6 11. Bxd8 Kxd8 12. Bd3 f5 13. Nc3 a6 14. Nd5 Qf7
15. Nf4 g5 16. Nxg5 Qf6 17. Nf3 Bg7 18. d5 Ne5 19. Nxe5 dxe5 20. Ne6+ Kc8 21.
Qb3 Bxe6 22. dxe6 e4 23. Bc4 Bf8 24. Bd5 c6 25. Rac1 Bd6 26. Qb6 Qe5 27. g3 f4
28. Bxc6 bxc6 29. Qxa6+ Kd8 30. Qxc6 Ke7 31. Qd7+ Kf6 32. h4 Qxe6 33. Qxe6+
Kxe6 34. Kg2 Rg8 35. Rc3 Be5 36. Rb3 Kf5 37. Kh3 Ke6 38. gxf4 Bxf4 39. Rb5 Bd6
40. Rc1 Rf8 41. Rc2 Rf3+ 42. Kg2 Be5 43. Re2 Kf5 44. a4 Kf4 45. Re3 Rxf2+ 46.
Kxf2 Bd4 47. Rbb3 h5 48. Ke2 Bxe3 49. Rxe3 1-0

[Event "Tradewise Gibraltar AmatWk1"]
[Site "Gibraltar"]
[Date "2018.01.25"]
[Round "4.31"]
[White "Lake, Andrew N"]
[Black "Dhanwani, Aryan"]
[Result "1-0"]
[WhiteElo "1703"]
[BlackElo "1083"]
[PlyCount "57"]
[EventDate "2018.01.22"]
[EventType "swiss"]
[EventRounds "5"]
[EventCountry "GGB"]

1. g4 e5 2. Bg2 Bc5 3. c3 d5 4. h3 Ne7 5. d4 exd4 6. cxd4 Bd6 7. Nc3 c6 8. Nf3
Be6 9. e4 Bb4 10. O-O Bxc3 11. bxc3 dxe4 12. Ng5 Bd5 13. Nxe4 O-O 14. Qc2 f5
15. Nc5 Bxg2 16. Kxg2 Qd5+ 17. f3 b6 18. Nd3 fxg4 19. hxg4 Na6 20. Ba3 Qf7 21.
Rae1 Rfe8 22. Ne5 Qd5 23. Rh1 g6 24. Kg3 Qe6 25. Qh2 Nb8 26. Qxh7+ Kf8 27.
Nxg6+ Qxg6 28. Qxg6 Nd7 29. Rh8# 1-0

[Event "Tradewise Gibraltar AmatWk1"]
[Site "Gibraltar"]
[Date "2018.01.25"]
[Round "4.32"]
[White "Dhanwani, Aditya"]
[Black "Volovik, Konstantin"]
[Result "0-1"]
[WhiteElo "1484"]
[BlackElo "1701"]
[PlyCount "82"]
[EventDate "2018.01.22"]
[EventType "swiss"]
[EventRounds "5"]
[EventCountry "GGB"]

1. d4 a6 2. Nf3 b5 3. Bf4 Bb7 4. Nbd2 e6 5. e3 Nf6 6. Bd3 h6 7. h3 Be7 8. c3 c5
9. O-O c4 10. Bb1 d5 11. b4 Nbd7 12. Ne5 Bf8 13. Qf3 Nxe5 14. Bxe5 Nd7 15. Qg3
Nxe5 16. dxe5 a5 17. a3 axb4 18. cxb4 Qg5 19. Bc2 Be7 20. Nf3 Qxg3 21. fxg3 Bc8
22. h4 O-O 23. Nd4 Bd7 24. Rf3 f5 25. Kh2 Rfb8 26. Kg1 Bxb4 27. Rff1 Bc3 28.
Ra2 Bxd4 29. exd4 b4 30. Rb2 b3 31. Bd1 Rxa3 32. Bh5 c3 33. Rc1 cxb2 34. Rb1
Ra1 35. Rxa1 bxa1=Q+ 36. Kh2 Rc8 37. Be2 Rc1 38. g4 f4 39. g3 Rh1+ 40. Kg2 Qg1+
41. Kf3 Qxg3# 0-1

[Event "Tradewise Gibraltar AmatWk1"]
[Site "Gibraltar"]
[Date "2018.01.25"]
[Round "4.33"]
[White "Lassan, Szabolcs"]
[Black "Apps, Ian"]
[Result "1/2-1/2"]
[WhiteElo "1346"]
[BlackElo "1332"]
[PlyCount "58"]
[EventDate "2018.01.22"]
[EventType "swiss"]
[EventRounds "5"]
[EventCountry "GGB"]

1. d4 Nf6 2. c4 g6 3. Nc3 Bg7 4. e4 d6 5. Nf3 Bg4 6. Be2 O-O 7. Be3 Nbd7 8. h3
Bxf3 9. Bxf3 e5 10. d5 Nb6 11. Be2 c6 12. f4 cxd5 13. fxe5 Nxe4 14. Nxe4 dxe4
15. Qxd6 Re8 16. O-O-O Bxe5 17. Qb4 Qc7 18. c5 Rad8 19. Rxd8 Rxd8 20. Qxe4 f5
21. Qc2 Bf4 22. Bc4+ Nd5 23. Qf2 Kg7 24. Bxf4 Nxf4 25. Qf3 Nxg2 26. Qxg2 Qf4+
27. Kb1 Qxc4 28. Qxb7+ Kh6 29. Rc1 Qd3+ 1/2-1/2